000 00479nam a2200193Ia 4500
005 20250423094811.0
008 250422s9999 xx 000 0 und d
020 _a9783135450063
050 _aQP 34.5 .S531/
100 _aSilbernagl, Stefan
245 0 _aColor atlas of physiology
250 _a6th ed.
260 _aStuttgart
260 _bThieme
260 _cc2009
300 _a441 p
650 _aHuman physiology--Atlases. Physiology--Atlases.
942 _cBK
999 _c28328
_d28328